01734nam a2200397Ia 4500001000900000003000500009005001700014008004100031010001100072020002200083040000900105082002100114100004300135245007600178250001100254260004000265300001600305440006200321503000700383504002800390590002300418650003400441650005400475650003600529650006300565901002100628902000600649905006300655942001500718999001900733952012400752952011200876952011200988952011201100952012401212dia_7806CHAP20251021154051.0220117s2017 xx 000 0 und d a179285 a978-958-771-468-5 cCHAP a658.404 M49 2017 aMeza Orozco, Jhonny de Jesús9163534 aEvaluación financiera de proyectos /c Jhonny de Jesús Meza Orozco a4a ed. aColombia :b Ecoe Ediciones,c2017 axvi, 392 p. aCiencias empresariales.pContabilidad y finanzas.9163535 aC. aBibliografía: p.[393] aHG4028.C4 M49 2017 aEconomic investment 9163536 aIndustrial organization (Economic theory)9163537 aInversion económica 9163538 aOrganización industrial (Teoría económica) 9163539 a658.404 M49 2017 aA a5232272017 ck an 8222223322spa16 cLIBRO2ddc c179285d179285 00102ddc40708GRALaIA_bIA_c1d2022-01-18f1l2pdia_010862r2025-10-01 19:26:32s2025-10-01t5w2022-01-18yLIBRO 00102ddc40708GRALaIA_bIA_c1d2022-01-18f1l0pdia_010858r2022-01-18 00:00:00t1w2022-01-18yLIBRO 00102ddc40708GRALaIA_bIA_c1d2022-01-18f1l0pdia_010859r2022-01-18 00:00:00t2w2022-01-18yLIBRO 00102ddc40708GRALaIA_bIA_c1d2022-01-18f1l0pdia_010860r2022-01-18 00:00:00t3w2022-01-18yLIBRO 00102ddc40708GRALaIA_bIA_c1d2022-01-18f1l1pdia_010861r2023-07-18 00:00:00s2023-07-18t4w2022-01-18yLIBRO